[Event "GBR-ch 111th"]
[Site "Liverpool"]
[Date "2025.08.06"]
[Round "5.40"]
[White "Yu, Rock"]
[Black "Gunarathne, Senith"]
[Result "1-0"]
[WhiteElo "2107"]
[BlackElo "1918"]
[PlyCount "109"]
[EventDate "2025.08.02"]
[EventType "swiss"]
[EventRounds "9"]
[EventCountry "GBR"]
[SourceTitle "BritBase"]
[Source "John Saunders"]
[SourceDate "2025.08.11"]
[SourceVersion "1"]
[SourceVersionDate "2025.08.11"]
[SourceQuality "1"]

1. c4 e6 2. g3 Nf6 3. Bg2 d5 4. Nf3 Bd6 5. O-O O-O 6. d3 c5 7. Nc3 h6 8. cxd5 exd5 9. e4 dxe4 10. dxe4 Nc6 11. Re1 Bb8 12. Be3 Qa5 13. Nd5 Ng4 14. Bd2 Qd8 15. Rc1 Nge5 16. Nxe5 Bxe5 17. Rxc5 Bxb2 18. Be3 Ba3 19. Rc3 Bd6 20. Rd3 Ne5 21. Nf6+ Qxf6 22. Rxd6 Be6 23. Bd4 Rfe8 24. f4 Bg4 25. Bxe5 Qxe5 26. fxe5 Bxd1 27. Rexd1 Rxe5 28. Rd8+ Rxd8 29. Rxd8+ Kh7 30. Rd7 Ra5 31. Rxb7 Rxa2 32. Rxf7 a5 33. Ra7 a4 34. e5 Re2 35. Rxa4 Rxe5 36. Be4+ Kg8 37. Kf2 Kf7 38. Kf3 h5 39. Kf4 Rc5 40. Ra7+ Kf6 41. h4 Rb5 42. Ra6+ Ke7 43. Rg6 Kf7 44. Rg5 Rb4 45. Rxh5 Rd4 46. Ra5 Rd7 47. Bf5 Rc7 48. Rd5 Rc4+ 49. Kg5 Rc6 50. Rd7+ Kg8 51. h5 Rb6 52. Re7 g6 53. Bxg6 Kh8 54. Re8+ Kg7 55. h6# 1-0

[Event "GBR-ch 111th"]
[Site "Liverpool"]
[Date "2025.08.06"]
[Round "5.42"]
[White "Turner, Lewis A"]
[Black "Kueh, Audrey"]
[Result "0-1"]
[WhiteElo "1965"]
[BlackElo "2071"]
[PlyCount "78"]
[EventDate "2025.08.02"]
[EventType "swiss"]
[EventRounds "9"]
[EventCountry "GBR"]
[SourceTitle "BritBase"]
[Source "John Saunders"]
[SourceDate "2025.08.11"]
[SourceVersion "1"]
[SourceVersionDate "2025.08.11"]
[SourceQuality "1"]

1. e4 c6 2. d4 d5 3. Nc3 dxe4 4. Nxe4 Bf5 5. Ng3 Bg6 6. Nf3 Nd7 7. h4 h6 8. h5 Bh7 9. Bd3 Bxd3 10. Qxd3 e6 11. Bd2 Ngf6 12. O-O-O Be7 13. Kb1 O-O 14. Ne4 Nxe4 15. Qxe4 Nf6 16. Qe2 Qd5 17. Ne5 Qe4 18. Qxe4 Nxe4 19. Be1 Rfd8 20. f3 Nf6 21. Bf2 Nd7 22. Rhe1 Kf8 23. a3 Ke8 24. g4 Rac8 25. f4 c5 26. Nxd7 Rxd7 27. dxc5 Bxc5 28. Bxc5 Rxc5 29. Rxd7 Kxd7 30. Rd1+ Ke7 31. Rd4 g6 32. hxg6 fxg6 33. c4 h5 34. b4 Rc8 35. gxh5 gxh5 36. Kc2 Rh8 37. Rd3 h4 38. Rh3 Kf6 39. Kd3 Kf5 0-1

[Event "GBR-ch 111th"]
[Site "Liverpool"]
[Date "2025.08.06"]
[Round "5.43"]
[White "Liu, Jack"]
[Black "Weersing, Abigail R"]
[Result "1-0"]
[WhiteElo "2071"]
[BlackElo "2056"]
[PlyCount "57"]
[EventDate "2025.08.02"]
[EventType "swiss"]
[EventRounds "9"]
[EventCountry "GBR"]
[SourceTitle "BritBase"]
[Source "John Saunders"]
[SourceDate "2025.08.11"]
[SourceVersion "1"]
[SourceVersionDate "2025.08.11"]
[SourceQuality "1"]

1. e4 e6 2. d4 d5 3. Nc3 Nf6 4. Bg5 Be7 5. e5 Nfd7 6. h4 h6 7. Bxe7 Qxe7 8. f4 Nb6 9. Qg4 O-O 10. O-O-O Bd7 11. Nf3 Nc4 12. Bxc4 dxc4 13. d5 f5 14. Qh3 Na6 15. Kb1 b5 16. d6 Qf7 17. Rhg1 h5 18. Ng5 Qe8 19. Qf3 b4 20. Ne2 Bc6 21. d7 Bxd7 22. Rxd7 Qxd7 23. Qxh5 Rfe8 24. g4 b3 25. gxf5 bxc2+ 26. Kc1 exf5 27. Qh7+ Kf8 28. Ne6+ Qxe6 29. Qxg7# 1-0

[Event "GBR-ch 111th"]
[Site "Liverpool"]
[Date "2025.08.06"]
[Round "5.44"]
[White "Ashbrooke, Monika"]
[Black "Dicen, Elis Denele"]
[Result "0-1"]
[WhiteElo "1591"]
[BlackElo "2069"]
[PlyCount "88"]
[EventDate "2025.08.02"]
[EventType "swiss"]
[EventRounds "9"]
[EventCountry "GBR"]
[SourceTitle "BritBase"]
[Source "John Saunders"]
[SourceDate "2025.08.11"]
[SourceVersion "1"]
[SourceVersionDate "2025.08.11"]
[SourceQuality "1"]

1. d4 Nf6 2. Nf3 g6 3. g3 Bg7 4. Bg2 O-O 5. O-O d6 6. c4 c5 7. dxc5 dxc5 8. Nc3 Nc6 9. Bg5 Be6 10. Nd2 Rc8 11. Rc1 b6 12. b3 h6 13. Bxf6 Bxf6 14. Nd5 Bg7 15. e4 Qd7 16. Nf4 Bg4 17. f3 Be6 18. Re1 Rfd8 19. Nxe6 Qxe6 20. Qe2 Nb4 21. Rcd1 Nc2 22. Qf1 Qc6 23. e5 Nxe1 24. Qxe1 Qd7 25. f4 Qd4+ 26. Kh1 e6 27. Bf3 Qc3 28. Qe2 Rd4 29. Ne4 Rxd1+ 30. Qxd1 Qd4 31. Nd6 Qxd1+ 32. Bxd1 Rd8 33. Bf3 f6 34. exf6 Rxd6 35. fxg7 Kxg7 36. Be4 Rd1+ 37. Kg2 Rd2+ 38. Kh3 Rxa2 39. Bc6 Rb2 40. Ba4 Kf6 41. g4 a6 42. Kg3 b5 43. cxb5 axb5 44. Bxb5 Rxb3+ 0-1

[Event "GBR-ch 111th"]
[Site "Liverpool"]
[Date "2025.08.06"]
[Round "5.45"]
[White "Ledger, Dave J"]
[Black "Jukes, Sam"]
[Result "1-0"]
[WhiteElo "2161"]
[BlackElo "1972"]
[PlyCount "55"]
[EventDate "2025.08.02"]
[EventType "swiss"]
[EventRounds "9"]
[EventCountry "GBR"]
[SourceTitle "BritBase"]
[Source "John Saunders"]
[SourceDate "2025.08.11"]
[SourceVersion "1"]
[SourceVersionDate "2025.08.11"]
[SourceQuality "1"]

1. e4 e5 2. Nf3 Nc6 3. Bc4 Nf6 4. d3 Bc5 5. O-O a5 6. a4 Ba7 7. Na3 d6 8. c3 h6 9. Be3 Bxe3 10. fxe3 O-O 11. Qe1 d5 12. exd5 Nxd5 13. e4 Nf4 14. Rd1 Be6 15. Bb5 Qe7 16. Rd2 f6 17. d4 exd4 18. cxd4 Bf7 19. Nh4 Ng6 20. Nf5 Qb4 21. Rc2 Nxd4 22. Rxc7 Nxb5 23. Nxb5 Qxe1 24. Rxe1 Rab8 25. Nbd6 b6 26. Re3 Nf4 27. Ne7+ Kh7 28. Nc6 1-0

[Event "GBR-ch 111th"]
[Site "Liverpool"]
[Date "2025.08.06"]
[Round "5.46"]
[White "Nevska, Gerda"]
[Black "Honey, Luke"]
[Result "0-1"]
[WhiteElo "1799"]
[BlackElo "2082"]
[PlyCount "106"]
[EventDate "2025.08.02"]
[EventType "swiss"]
[EventRounds "9"]
[EventCountry "GBR"]
[SourceTitle "BritBase"]
[Source "John Saunders"]
[SourceDate "2025.08.11"]
[SourceVersion "1"]
[SourceVersionDate "2025.08.11"]
[SourceQuality "1"]

1. c4 e5 2. Nc3 Nf6 3. g3 c6 4. e4 d5 5. exd5 cxd5 6. cxd5 Nxd5 7. Bg2 Nb4 8. Nf3 Nd3+ 9. Kf1 Nc6 10. Ne1 Nxe1 11. Qxe1 Bd6 12. h3 O-O 13. Ne4 Bc7 14. b3 f5 15. Nc3 Be6 16. Ba3 Re8 17. Kg1 Nd4 18. Rc1 Rb8 19. Ne2 Bb6 20. Kh2 Bf7 21. d3 Nb5 22. Bb2 Qxd3 23. a4 Qxb3 24. a5 Bd4 25. Nxd4 exd4 26. Qd2 a6 27. Rc5 Qe6 28. Qf4 Qd6 29. Qxf5 Bg6 30. Qg5 h6 31. Qd5+ Qxd5 32. Rxd5 Be4 33. Rd7 Bxg2 34. Kxg2 Red8 35. Re7 Kf8 36. Rhe1 Re8 37. Rxe8+ Rxe8 38. Rxe8+ Kxe8 39. Kf3 Kd7 40. Ke4 Kc6 41. f4 Kc5 42. Kf5 Nc3 43. Kg6 Kb4 44. Kxg7 Kb3 45. f5 Kxb2 46. f6 Ne4 47. f7 Ng5 48. f8=N d3 49. h4 d2 50. Kxh6 Ne4 51. g4 d1=Q 52. g5 Qg4 53. Ng6 Ng3 0-1

[Event "GBR-ch 111th"]
[Site "Liverpool"]
[Date "2025.08.06"]
[Round "5.47"]
[White "Carpenter, Paul A"]
[Black "Patel, Zain"]
[Result "0-1"]
[WhiteElo "1922"]
[BlackElo "2048"]
[PlyCount "80"]
[EventDate "2025.08.02"]
[EventType "swiss"]
[EventRounds "9"]
[EventCountry "GBR"]
[SourceTitle "BritBase"]
[Source "John Saunders"]
[SourceDate "2025.08.11"]
[SourceVersion "1"]
[SourceVersionDate "2025.08.11"]
[SourceQuality "1"]

1. b3 e5 2. Bb2 Nc6 3. e3 d5 4. Bb5 Nge7 5. Bxe5 a6 6. Bxc6+ Nxc6 7. Bb2 Qg5 8. Kf1 Bg4 9. Nf3 Qh5 10. d3 O-O-O 11. Nbd2 Bb4 12. Qc1 Rd6 13. h3 Rg6 14. Ke2 Bxf3+ 15. gxf3 Re8 16. Rg1 d4 17. e4 Ne5 18. Rxg6 Bxd2 19. Qh1 fxg6 20. Kxd2 Nxf3+ 21. Ke2 Rf8 22. Kf1 Qg5 23. Bc1 Qa5 24. Kg2 Qc3 25. Ba3 Rf4 26. Qc1 g5 27. Bb2 Qc6 28. Qxf4 gxf4 29. Kxf3 Qxc2 30. Ba3 g5 31. e5 Qxd3+ 32. Kg4 Qe4 33. Kxg5 Qxe5+ 34. Kg4 Qe2+ 35. Kxf4 Qxf2+ 36. Ke4 Qe3+ 37. Kd5 c6+ 38. Kd6 Kd8 39. Kc5 Qc3+ 40. Kd6 Qxa1 0-1

[Event "GBR-ch 111th"]
[Site "Liverpool"]
[Date "2025.08.06"]
[Round "5.48"]
[White "Zhou, Yang-Fan"]
[Black "Stubbs, Oliver"]
[Result "1-0"]
[WhiteElo "2406"]
[BlackElo "2191"]
[PlyCount "107"]
[EventDate "2025.08.02"]
[EventType "swiss"]
[EventRounds "9"]
[EventCountry "GBR"]
[SourceTitle "BritBase"]
[Source "John Saunders"]
[SourceDate "2025.08.11"]
[SourceVersion "1"]
[SourceVersionDate "2025.08.11"]
[SourceQuality "1"]

1. c4 Nf6 2. Nc3 g6 3. e4 d6 4. d4 Bg7 5. h3 O-O 6. Be3 e5 7. d5 Na6 8. g4 Nc5 9. f3 a5 10. Qd2 c6 11. Nge2 cxd5 12. cxd5 Bd7 13. Nc1 Ne8 14. Nd3 Rc8 15. h4 f5 16. g5 fxe4 17. fxe4 Bg4 18. Nf2 Bf3 19. Rh3 Qd7 20. Bb5 Qf7 21. Be2 Bh5 22. Bxh5 gxh5 23. Qe2 Qg6 24. Rf3 Nc7 25. Rxf8+ Bxf8 26. Qf3 N7a6 27. Kd2 Be7 28. Qf5 Rf8 29. Qxg6+ hxg6 30. Ke2 Kf7 31. Nd3 Rc8 32. Nxc5 Nxc5 33. Rc1 Na6 34. Bb6 a4 35. a3 Ke8 36. Kd2 Rc4 37. Kd3 Rc8 38. Rf1 Ra8 39. Kc4 Rc8+ 40. Kb5 Nc5 41. Bxc5 Rxc5+ 42. Kxa4 Bd8 43. Kb3 Be7 44. a4 Bd8 45. Nb5 Be7 46. Na3 Bd8 47. Nc4 Be7 48. Kb4 Rc8 49. b3 Ra8 50. Kb5 Ra6 51. a5 Bd8 52. b4 Be7 53. Nb6 Bd8 54. Rc1 1-0

[Event "GBR-ch 111th"]
[Site "Liverpool"]
[Date "2025.08.07"]
[Round "6.1"]
[White "Vitiugov, Nikita"]
[Black "Adams, Michael"]
[Result "1/2-1/2"]
[WhiteElo "2676"]
[BlackElo "2663"]
[PlyCount "59"]
[EventDate "2025.08.02"]
[EventType "swiss"]
[EventRounds "9"]
[EventCountry "GBR"]
[SourceTitle "BritBase"]
[Source "John Saunders"]
[SourceDate "2025.08.11"]
[SourceVersion "1"]
[SourceVersionDate "2025.08.11"]
[SourceQuality "1"]

1. d4 Nf6 2. c4 e6 3. Nf3 d5 4. g3 dxc4 5. Bg2 Nc6 6. O-O Rb8 7. Nc3 a6 8. e4 Be7 9. d5 exd5 10. exd5 Nb4 11. Ne5 Bf5 12. a3 Nd3 13. Nxc4 Nxc1 14. Rxc1 O-O 15. Qd4 Ne8 16. Rfe1 Nd6 17. Ne3 Re8 18. h4 Bf6 19. Qb4 h5 20. Nxf5 Rxe1+ 21. Rxe1 Nxf5 22. Ne4 Be7 23. Qd2 Nd6 24. Qe2 g6 25. Nc5 Bf8 26. b4 Ra8 27. Bh3 a5 28. Qc2 axb4 29. axb4 Bg7 30. Nd7 1/2-1/2

[Event "GBR-ch 111th"]
[Site "Liverpool"]
[Date "2025.08.07"]
[Round "6.2"]
[White "Mahadevan, Siva"]
[Black "Ghasi, Ameet K"]
[Result "1/2-1/2"]
[WhiteElo "2416"]
[BlackElo "2501"]
[PlyCount "71"]
[EventDate "2025.08.02"]
[EventType "swiss"]
[EventRounds "9"]
[EventCountry "GBR"]
[SourceTitle "BritBase"]
[Source "John Saunders"]
[SourceDate "2025.08.11"]
[SourceVersion "1"]
[SourceVersionDate "2025.08.11"]
[SourceQuality "1"]

1. e4 d6 2. d4 Nf6 3. Nc3 e5 4. dxe5 dxe5 5. Qxd8+ Kxd8 6. Bc4 Ke8 7. f4 Bb4 8. Nf3 Nxe4 9. Nxe5 Nxc3 10. a3 Ba5 11. Bxf7+ Ke7 12. Bd2 Nd7 13. Bb3 Nxe5 14. fxe5 Be6 15. bxc3 h6 16. O-O-O Rhf8 17. Rhf1 Rad8 18. g4 c5 19. g5 Rxf1 20. Rxf1 c4 21. gxh6 gxh6 22. Bxh6 Rg8 23. Ba2 Bxc3 24. h4 Rg2 25. Bf4 b5 26. h5 Bf5 27. Bb1 Ke6 28. h6 Be4 29. Rd1 a5 30. Rd6+ Ke7 31. Rd1 b4 32. axb4 axb4 33. Bd2 Ke6 34. Ba2 Kxe5 35. Bxc4 Rh2 36. Bb3 1/2-1/2

[Event "GBR-ch 111th"]
[Site "Liverpool"]
[Date "2025.08.07"]
[Round "6.3"]
[White "Fernandez, Daniel H"]
[Black "Han, Yichen"]
[Result "1/2-1/2"]
[WhiteElo "2500"]
[BlackElo "2430"]
[PlyCount "61"]
[EventDate "2025.08.02"]
[EventType "swiss"]
[EventRounds "9"]
[EventCountry "GBR"]
[SourceTitle "BritBase"]
[Source "John Saunders"]
[SourceDate "2025.08.11"]
[SourceVersion "1"]
[SourceVersionDate "2025.08.11"]
[SourceQuality "1"]

1. e4 e5 2. Nf3 Nc6 3. Bb5 a6 4. Ba4 Nf6 5. O-O Be7 6. d3 b5 7. Bb3 d6 8. a4 Bd7 9. Bd2 O-O 10. h3 Rb8 11. axb5 axb5 12. Nc3 Nd4 13. Nxd4 exd4 14. Nd5 Nxd5 15. Bxd5 c6 16. Bb3 c5 17. Bd5 Qc8 18. Ra7 Re8 19. Qh5 Be6 20. Rfa1 g6 21. Bxe6 Qxe6 22. Qg4 Bf6 23. Qxe6 fxe6 24. R1a6 Re7 25. Rxe7 Bxe7 26. e5 dxe5 27. Rxe6 Kf7 28. Rxe5 Ra8 29. Re1 Ra2 30. Rb1 c4 31. Be1 1/2-1/2

[Event "GBR-ch 111th"]
[Site "Liverpool"]
[Date "2025.08.07"]
[Round "6.4"]
[White "Czopor, Maciej"]
[Black "Wadsworth, Matthew J"]
[Result "1/2-1/2"]
[WhiteElo "2434"]
[BlackElo "2483"]
[PlyCount "91"]
[EventDate "2025.08.02"]
[EventType "swiss"]
[EventRounds "9"]
[EventCountry "GBR"]
[SourceTitle "BritBase"]
[Source "John Saunders"]
[SourceDate "2025.08.11"]
[SourceVersion "1"]
[SourceVersionDate "2025.08.11"]
[SourceQuality "1"]

1. c4 c5 2. Nf3 g6 3. e4 Bg7 4. d4 Qa5+ 5. Nc3 d6 6. d5 Bxc3+ 7. bxc3 Bg4 8. Bd2 Nd7 9. a4 Ngf6 10. h3 Bxf3 11. Qxf3 O-O-O 12. Be2 h6 13. O-O Kb8 14. Rfb1 a6 15. Qd3 g5 16. f4 gxf4 17. Bxf4 Ne5 18. Qe3 Ka8 19. Rf1 Rdg8 20. Bxe5 dxe5 21. Rf5 Qc7 22. Bh5 Rh7 23. Raf1 Rg5 24. Rxg5 hxg5 25. Be2 Rg7 26. Rf5 Nh7 27. Bg4 f6 28. Rf1 Nf8 29. Bf5 Ng6 30. Qf3 Nh4 31. Qh5 Qd8 32. Be6 Ng6 33. g3 Kb8 34. Kg2 Qe8 35. Qh6 Qf8 36. Kh2 Kc7 37. Rb1 Qh8 38. Qxh8 Nxh8 39. Kg2 g4 40. Bxg4 Nf7 41. Bf5 Nd6 42. h4 Kd8 43. Kf3 Rg8 44. h5 Ke8 45. h6 Kf8 46. g4 1/2-1/2

[Event "GBR-ch 111th"]
[Site "Liverpool"]
[Date "2025.08.07"]
[Round "6.5"]
[White "Royal, Shreyas"]
[Black "Harvey, Marcus R"]
[Result "1-0"]
[WhiteElo "2495"]
[BlackElo "2439"]
[PlyCount "53"]
[EventDate "2025.08.02"]
[EventType "swiss"]
[EventRounds "9"]
[EventCountry "GBR"]
[SourceTitle "BritBase"]
[Source "John Saunders"]
[SourceDate "2025.08.11"]
[SourceVersion "1"]
[SourceVersionDate "2025.08.11"]
[SourceQuality "1"]

1. e4 c6 2. d4 d5 3. f3 Qb6 4. Nc3 e6 5. a3 Be7 6. Be3 Nd7 7. Be2 a6 8. Nh3 dxe4 9. fxe4 e5 10. Qd2 Qc7 11. d5 c5 12. O-O Bd6 13. Ng5 Ndf6 14. Qe1 h6 15. Qh4 Ne7 16. Nxf7 Kxf7 17. Bh5+ Kg8 18. Rxf6 gxf6 19. Qxf6 Rh7 20. Rf1 Nf5 21. exf5 Bf8 22. Ne4 Qg7 23. Qh4 Kh8 24. Bg6 Be7 25. Qh5 Bxf5 26. Bxf5 Rg8 27. Qh3 1-0

[Event "GBR-ch 111th"]
[Site "Liverpool"]
[Date "2025.08.07"]
[Round "6.6"]
[White "Kanyamarala, Tarun"]
[Black "Maroroa Jones, Gawain"]
[Result "0-1"]
[WhiteElo "2397"]
[BlackElo "2651"]
[PlyCount "152"]
[EventDate "2025.08.02"]
[EventType "swiss"]
[EventRounds "9"]
[EventCountry "GBR"]
[SourceTitle "BritBase"]
[Source "John Saunders"]
[SourceDate "2025.08.11"]
[SourceVersion "1"]
[SourceVersionDate "2025.08.11"]
[SourceQuality "1"]

1. d4 Nf6 2. c4 g6 3. Nc3 Bg7 4. e4 d6 5. Bd3 Nc6 6. Nge2 e5 7. d5 Nd4 8. Nxd4 exd4 9. Ne2 O-O 10. O-O Qe7 11. Re1 Nd7 12. Bc2 Ne5 13. Nxd4 Nxc4 14. Rb1 Ne5 15. h3 c5 16. dxc6 bxc6 17. f4 c5 18. Nb5 Ba6 19. Nc3 Nc6 20. Nd5 Qd8 21. Ba4 Nd4 22. b4 Bc4 23. a3 Ba2 24. Rb2 Bxd5 25. exd5 Nf5 26. Rb3 Rc8 27. Bb2 Bxb2 28. Rxb2 Qf6 29. Qd2 cxb4 30. Rxb4 a5 31. Rbe4 Ng3 32. Rd4 Rb8 33. Qf2 h5 34. Rd2 h4 35. Qd4 Qxd4+ 36. Rxd4 Rb2 37. Bd1 Rb1 38. Rc4 Rfb8 39. Kf2 Ra1 40. Bc2 Nh1+ 41. Kf1 Ng3+ 42. Kf2 Rxa3 43. f5 gxf5 44. Re3 Ra2 45. Kf3 Rbb2 46. Rec3 Ne4 47. Bxe4 Rf2+ 48. Ke3 Rae2+ 49. Kd4 Rxe4+ 50. Kd3 Rxg2 51. Rxe4 fxe4+ 52. Kxe4 Rg3 53. Rc6 Rxh3 54. Rxd6 Rh1 55. Rd8+ Kg7 56. d6 Rd1 57. Kf3 Rd3+ 58. Kg2 a4 59. Ra8 a3 60. d7 Rxd7 61. Rxa3 Kg6 62. Ra5 Rd3 63. Rb5 Rg3+ 64. Kf2 Rg5 65. Rb1 h3 66. Rh1 Rh5 67. Rh2 Kg5 68. Kg3 Rh8 69. Kf3 Ra8 70. Rb2 Rh8 71. Rh2 Rh7 72. Kg3 Rh6 73. Kf3 Kh4 74. Kf2 Rg6 75. Kf3 Rf6+ 76. Ke3 Kg3 0-1

[Event "GBR-ch 111th"]
[Site "Liverpool"]
[Date "2025.08.07"]
[Round "6.7"]
[White "Conquest, Stuart C"]
[Black "Pert, Richard G"]
[Result "1/2-1/2"]
[WhiteElo "2511"]
[BlackElo "2409"]
[PlyCount "65"]
[EventDate "2025.08.02"]
[EventType "swiss"]
[EventRounds "9"]
[EventCountry "GBR"]
[SourceTitle "BritBase"]
[Source "John Saunders"]
[SourceDate "2025.08.11"]
[SourceVersion "1"]
[SourceVersionDate "2025.08.11"]
[SourceQuality "1"]

1. c4 e6 2. e4 d5 3. cxd5 exd5 4. exd5 Nf6 5. Bb5+ Bd7 6. Bc4 Bg4 7. Nf3 Be7 8. Nc3 O-O 9. h3 Bh5 10. d4 Nbd7 11. O-O Nb6 12. Bb3 Nfxd5 13. Ne4 c6 14. a3 Bf6 15. Nxf6+ Qxf6 16. g4 Bg6 17. Bg5 Qd6 18. Ne5 Nd7 19. Nxg6 Qxg6 20. Qd2 Rfe8 21. Bc2 Qd6 22. Rfe1 Nf8 23. Bh4 Qf4 24. Qxf4 Nxf4 25. Kh2 N8g6 26. Bg3 Rad8 27. Re3 Nd5 28. Rb3 b6 29. Rf3 Nf8 30. Bh4 Rd6 31. Bg3 Rdd8 32. Bh4 Rd6 33. Bg3 1/2-1/2

[Event "GBR-ch 111th"]
[Site "Liverpool"]
[Date "2025.08.07"]
[Round "6.8"]
[White "Bazakutsa, Svyatoslav"]
[Black "Claridge-Hansen, William"]
[Result "1/2-1/2"]
[WhiteElo "2481"]
[BlackElo "2364"]
[PlyCount "181"]
[EventDate "2025.08.02"]
[EventType "swiss"]
[EventRounds "9"]
[EventCountry "GBR"]
[SourceTitle "BritBase"]
[Source "John Saunders"]
[SourceDate "2025.08.11"]
[SourceVersion "1"]
[SourceVersionDate "2025.08.11"]
[SourceQuality "1"]

1. c4 e6 2. d4 Nf6 3. Nc3 d5 4. cxd5 exd5 5. Nf3 c6 6. Bf4 Bd6 7. Bxd6 Qxd6 8. e3 Bf5 9. Nh4 Be4 10. Qb3 O-O 11. Nxe4 dxe4 12. Be2 Nbd7 13. Nf5 Qc7 14. O-O g6 15. Ng3 Qb6 16. Qc2 Rae8 17. Bc4 Kg7 18. b4 h5 19. f3 exf3 20. Rxf3 Qxb4 21. Rb1 Qa5 22. Rxb7 Rb8 23. Rxb8 Rxb8 24. e4 Qb6 25. Qd2 h4 26. Nf1 Re8 27. e5 Nxe5 28. Rxf6 Kxf6 29. Qf2+ Kg7 30. dxe5 Rxe5 31. g3 hxg3 32. hxg3 Rf5 33. Qxb6 axb6 34. Bb3 Ra5 35. Nd2 f5 36. a4 b5 37. axb5 cxb5 38. Kf2 Kf6 39. Ke3 Ra1 40. g4 fxg4 41. Kf4 g5+ 42. Kxg4 Rg1+ 43. Kf3 Ke5 44. Kf2 Ra1 45. Kg3 Rg1+ 46. Kf2 Rc1 47. Nf3+ Kf4 48. Nd4 Rb1 49. Ne2+ Ke5 50. Bc2 Ra1 51. Ke3 Rh1 52. Kd2 Rh3 53. Ng1 Rh2+ 54. Kc3 b4+ 55. Kd3 g4 56. Ba4 Rh1 57. Ne2 Rh3+ 58. Kd2 Ra3 59. Bc6 g3 60. Nc1 Kd4 61. Ne2+ Kc4 62. Be4 Ra2+ 63. Ke3 b3 64. Nxg3 b2 65. Bd3+ Kb3 66. Ne4 Ra7 67. Nd2+ Kb4 68. Nb1 Rg7 69. Bc2 Rg3+ 70. Kd4 Rg1 71. Bd3 Kb3 72. Nd2+ Ka2 73. Bc4+ Ka1 74. Bd3 Rc1 75. Ke3 Rc3 76. Kd4 Rc8 77. Ke3 Rd8 78. Bc2 Ka2 79. Bd3 Ka3 80. Nc4+ Kb3 81. Nd2+ Kc3 82. Nb1+ Kb4 83. Nd2 Rd7 84. Nb1 Re7+ 85. Kd4 Kb3 86. Nd2+ Ka2 87. Bc4+ Ka1 88. Bd3 Rd7+ 89. Kc3 Rxd3+ 90. Kxd3 b1=Q+ 91. Nxb1 1/2-1/2

[Event "GBR-ch 111th"]
[Site "Liverpool"]
[Date "2025.08.07"]
[Round "6.9"]
[White "Wells, Peter K"]
[Black "Gordon, Stephen J"]
[Result "1/2-1/2"]
[WhiteElo "2339"]
[BlackElo "2469"]
[PlyCount "43"]
[EventDate "2025.08.02"]
[EventType "swiss"]
[EventRounds "9"]
[EventCountry "GBR"]
[SourceTitle "BritBase"]
[Source "John Saunders"]
[SourceDate "2025.08.11"]
[SourceVersion "1"]
[SourceVersionDate "2025.08.11"]
[SourceQuality "1"]

1. d4 Nf6 2. c4 e6 3. Nc3 Bb4 4. e3 O-O 5. Bd2 d5 6. Nf3 b6 7. Rc1 Be7 8. cxd5 exd5 9. Ne5 Bb7 10. Bd3 c5 11. O-O Nc6 12. Be1 g6 13. f4 Rc8 14. f5 cxd4 15. Nxc6 Rxc6 16. exd4 Ne4 17. Bxe4 dxe4 18. d5 Rd6 19. Bg3 Rd7 20. Qg4 Bxd5 21. Nxd5 Rxd5 22. Qxe4 1/2-1/2

[Event "GBR-ch 111th"]
[Site "Liverpool"]
[Date "2025.08.07"]
[Round "6.10"]
[White "Willow, Jonah B"]
[Black "Flear, Glenn C"]
[Result "1/2-1/2"]
[WhiteElo "2459"]
[BlackElo "2358"]
[PlyCount "106"]
[EventDate "2025.08.02"]
[EventType "swiss"]
[EventRounds "9"]
[EventCountry "GBR"]
[SourceTitle "BritBase"]
[Source "John Saunders"]
[SourceDate "2025.08.11"]
[SourceVersion "1"]
[SourceVersionDate "2025.08.11"]
[SourceQuality "1"]

1. e4 e5 2. Nf3 Nc6 3. d4 exd4 4. Nxd4 Bb4+ 5. c3 Bc5 6. Be3 Bb6 7. Nf5 g6 8. Bxb6 axb6 9. Ne3 Nf6 10. f3 Qe7 11. c4 Qc5 12. Qd2 Nd4 13. Na3 c6 14. O-O-O Ne6 15. Qc3 O-O 16. Kb1 d6 17. Qxf6 Qxe3 18. h4 Rd8 19. g3 Bd7 20. Nc2 Qh6 21. Rxd6 Be8 22. Rxd8 Rxd8 23. Bh3 Qd2 24. a3 Nc5 25. h5 Qd6 26. Qh4 Nd3 27. hxg6 hxg6 28. Bf1 Qe5 29. Bxd3 Rxd3 30. f4 Qh5 31. Qxh5 gxh5 32. Rxh5 Rxg3 33. Nd4 Rd3 34. Nf5 Bd7 35. Rg5+ Kf8 36. Ng3 Be6 37. Kc2 Rf3 38. Nh5 Bxc4 39. e5 Bd3+ 40. Kd2 Bg6 41. Ke2 Bxh5 42. Rxh5 Rxf4 43. Rh8+ Kg7 44. Re8 b5 45. Ke3 Rf5 46. b4 Rh5 47. Kd4 b6 48. Ke4 Rh3 49. Rb8 Rxa3 50. Rxb6 Rb3 51. Rxc6 Rxb4+ 52. Kf5 Rb1 53. Rc7 Rf1+ 1/2-1/2

[Event "GBR-ch 111th"]
[Site "Liverpool"]
[Date "2025.08.07"]
[Round "6.11"]
[White "Banerjee, Supratit"]
[Black "Williams, Simon K"]
[Result "1-0"]
[WhiteElo "2242"]
[BlackElo "2444"]
[PlyCount "97"]
[EventDate "2025.08.02"]
[EventType "swiss"]
[EventRounds "9"]
[EventCountry "GBR"]
[SourceTitle "BritBase"]
[Source "John Saunders"]
[SourceDate "2025.08.11"]
[SourceVersion "1"]
[SourceVersionDate "2025.08.11"]
[SourceQuality "1"]

1. e4 e6 2. d4 d5 3. Nd2 Nf6 4. e5 Nfd7 5. f4 c5 6. c3 Nc6 7. Ndf3 Qb6 8. h4 cxd4 9. cxd4 a5 10. Kf2 a4 11. Kg3 a3 12. Rb1 Qc7 13. Qc2 axb2 14. Rxb2 Ba3 15. Rb1 Bxc1 16. Rxc1 Qa5 17. Ne2 Qxa2 18. Qxa2 Rxa2 19. Nc3 Rb2 20. Nb5 Ke7 21. Nd6 Nb6 22. Bb5 Bd7 23. Rb1 Rxb1 24. Rxb1 Nd8 25. Bxd7 Nxd7 26. Nc8+ Kf8 27. h5 h6 28. Kf2 Nb8 29. Nd6 Ke7 30. Ke3 Rg8 31. g4 g6 32. f5 gxf5 33. gxf5 exf5 34. Nxf5+ Ke6 35. Nxh6 Rg2 36. Nf5 Rg8 37. Kf4 f6 38. h6 Nd7 39. Ng7+ Kf7 40. Kf5 fxe5 41. Nxe5+ Nxe5 42. dxe5 Rh8 43. Rb6 Ke7 44. Kg6 Kd7 45. Rd6+ Kc7 46. Rxd5 Kc6 47. Rd6+ Kb5 48. e6 Nc6 49. Rxc6 1-0

[Event "GBR-ch 111th"]
[Site "Liverpool"]
[Date "2025.08.07"]
[Round "6.12"]
[White "Roberson, Peter T"]
[Black "Eggleston, David J"]
[Result "1/2-1/2"]
[WhiteElo "2440"]
[BlackElo "2348"]
[PlyCount "146"]
[EventDate "2025.08.02"]
[EventType "swiss"]
[EventRounds "9"]
[EventCountry "GBR"]
[SourceTitle "BritBase"]
[Source "John Saunders"]
[SourceDate "2025.08.11"]
[SourceVersion "1"]
[SourceVersionDate "2025.08.11"]
[SourceQuality "1"]

1. d4 Nf6 2. c4 e6 3. Nf3 Bb4+ 4. Nbd2 b6 5. e3 Bb7 6. Bd3 O-O 7. O-O d5 8. b3 c5 9. Bb2 cxd4 10. exd4 Nc6 11. Qe2 Re8 12. Rfd1 Ne7 13. Ne5 Ng6 14. Qe3 Rc8 15. Ndf3 Bd6 16. Rac1 Qe7 17. h3 Rf8 18. Ng5 Nh5 19. h4 Bxe5 20. dxe5 h6 21. Nf3 Nxh4 22. cxd5 Bxd5 23. Be4 Bxe4 24. Qxe4 Nxf3+ 25. Qxf3 g6 26. Qe3 Kh7 27. Rxc8 Rxc8 28. Bc1 g5 29. Qd3+ Kg7 30. g3 Kg8 31. Be3 Ng7 32. g4 Qb4 33. f3 Qa5 34. Qd7 Rf8 35. Qd4 Qxa2 36. b4 Qe2 37. Rf1 Rc8 38. Rf2 Qc4 39. Qd7 Qc3 40. Kg2 Re8 41. Bd2 Qxe5 42. Qxa7 Qd4 43. Qc7 Qd8 44. Qc6 f5 45. Be3 Qd5 46. Qxd5 exd5 47. Bxb6 fxg4 48. fxg4 Re4 49. Rb2 Rxg4+ 50. Kh3 Rh4+ 51. Kg2 Ne6 52. b5 Rc4 53. Bf2 Nf4+ 54. Kg3 Nd3 55. Rb3 Nxf2 56. Kxf2 Rc7 57. b6 Rb7 58. Ke3 Kf7 59. Kd4 Ke6 60. Kc5 h5 61. Kc6 Rb8 62. Kc7 Rh8 63. b7 h4 64. Rb6+ Kf5 65. Rd6 h3 66. Rh6 Rxh6 67. b8=Q h2 68. Qf8+ Kg6 69. Qe8+ Kf5 70. Qf8+ Kg6 71. Qd6+ Kg7 72. Qe7+ Kg6 73. Qe6+ Kg7 1/2-1/2